| 000 | 00594nam a2200193 4500 | ||
|---|---|---|---|
| 008 | 020221s1939 us 1 engYA | ||
| 090 |
_aCB68 _bD93 |
||
| 100 | 1 | _aDurant, Will | |
| 245 | 1 | 0 |
_aThe life of Greece / _cWill Durant. |
| 260 |
_aNew York : _bSimon and Schuster, _cc1939. |
||
| 300 |
_axviii, 654 p. : _bills., maps |
||
| 490 | 1 | _aThe story of civilization | |
| 504 | _aIncludes index | ||
| 505 | 0 | _avol. II | |
| 650 | 4 |
_aCivilization _xHistory. |
|
| 650 | 4 | _aHistory, Ancient. | |
| 651 | 4 |
_aGreece _xHistory |
|
| 951 |
_p17974 _x00013837 _oCB68/D93-II _j070613111046390 _d2000-12-21 _cREF |
||
| 999 |
_c7625 _d7625 |
||